[Event "Saratov Region-ch Seniors"]
[Site "Saratov"]
[Date "2017.11.06"]
[Round "6"]
[White "Strekalov, Boris"]
[Black "Alekseeva, Tatiyana"]
[Result "0-1"]
[WhiteElo "1565"]
[BlackElo "1479"]
[PlyCount "110"]
[EventDate "2017.11.01"]
[EventType "swiss"]
[EventRounds "9"]
[EventCountry "RUS"]
[SourceTitle "EXT 2019"]
[Source "ChessBase"]
[SourceDate "2018.10.10"]
[SourceVersion "1"]
[SourceVersionDate "2018.10.10"]
[SourceQuality "1"]

1. d4 d5 2. Nf3 g6 3. c4 c6 4. cxd5 cxd5 5. Nc3 Bg7 6. e3 e6 7. Bd3 Ne7 8. 0-0 0-0 9. b3 a6 10. Na4 Nd7 11. Bb2 b6 12. Rc1 Bb7 13. Qd2 f5 14. Ng5 Rf6 15. f4 h6 16. Nf3 Bc6 17. Nc3 b5 18. Ba3 Bb7 19. Rc2 Nb8 20. Ne5 Nec6 21. Bc5 Bf8 22. b4 Nd7 23. Bxf8 Kxf8 24. a3 Nb6 25. Qf2 Nxe5 26. fxe5 Rf7 27. Ne2 Rc8 28. Rxc8 Qxc8 29. Rc1 Nc4 30. Rc3 Qd7 31. g3 g5 32. Kf1 Nd2+ 33. Ke1 Nc4 34. Nc1 Ke8 35. Nb3 Qe7 36. Nc5 h5 37. Ke2 Bc8 38. Qg2 Kf8 39. Qf3 g4 40. Qg2 Qg5 41. Qf2 Ke8 42. Qf4 Qe7 43. Bc2 h4 44. a4 hxg3 45. hxg3 Rh7 46. Qf2 Qg5 47. axb5 axb5 48. Qg2 Rh3 49. Qf2 Qh5 50. Rxc4 bxc4 51. Qf4 Rh1 52. Kd2 Qh2+ 53. Kc3 Qg1 54. e4 Qa1+ 55. Kd2 Rh2+ 0-1

[Event "Saratov region-ch Seniors"]
[Site "Saratov"]
[Date "2016.11.07"]
[Round "6.4"]
[White "Alekseeva, Tatiyana"]
[Black "Yashkin, Jury"]
[Result "1/2-1/2"]
[WhiteElo "1480"]
[BlackElo "1686"]
[PlyCount "87"]
[EventDate "2016.11.04"]
[EventType "swiss"]
[EventRounds "7"]
[EventCountry "RUS"]
[SourceTitle "EXT 2022"]
[Source "ChessBase"]
[SourceDate "2021.10.06"]
[SourceVersion "1"]
[SourceVersionDate "2021.10.06"]
[SourceQuality "1"]

1. c4 Nf6 2. Nc3 e5 3. e3 d6 4. g3 Be7 5. Bg2 0-0 6. Nge2 c6 7. d4 Qc7 8. d5 c5 9. e4 Bd7 10. 0-0 a6 11. a4 Qc8 12. Bg5 a5 13. Bxf6 Bxf6 14. Nb5 Be7 15. Qd2 Bxb5 16. axb5 b6 17. b3 Nd7 18. Bh3 Qd8 19. Bxd7 Qxd7 20. Kg2 f5 21. exf5 Rxf5 22. Nc3 Rh5 23. Rh1 Qh3+ 24. Kg1 Rf8 25. Ne4 Rf3 26. Qd1 Qg4 27. Kg2 Rf4 28. Qxg4 Rxg4 29. Nd2 Rd4 30. Rhd1 Rd3 31. Rab1 Rf5 32. Ne4 Rff3 33. Rxd3 Rxd3 34. f3 a4 35. bxa4 Ra3 36. Rc1 Ra2+ 37. Kh3 Rxa4 38. Rc2 Ra3 39. Kg2 g5 40. g4 Kg7 41. Ng3 Kg6 42. Kf2 h6 43. Ke2 Bf8 44. Kf2 1/2-1/2